| 000 | 00574nam a2200181 a 4500 | ||
|---|---|---|---|
| 001 | 2571 | ||
| 003 | CDMR | ||
| 005 | 20130607125206.0 | ||
| 008 | 130130s1990||||||||||||||||||||||||||||d | ||
| 040 |
_aCDMR _bcat _cCDMR |
||
| 100 | 1 |
_aGilder, George _91928 |
|
| 245 | 1 | 0 |
_aLife after television _b: the coming transformation of media and american life _cGeorge Gilder |
| 260 |
_aKnoxville (Tennessee) _c1990 _bWhittle Direct Books |
||
| 300 |
_a88 p ; _c26 cm |
||
| 490 | 0 | _aThe larger agenda series | |
| 650 | 0 | 4 |
_91004 _aTelevisió _zEstats Units _xAspectes socials |
| 942 |
_cMON _2udc |
||
| 999 |
_c2571 _d2571 |
||